00343nam a22001217a 4500082001000000100001000010245005500020260006700075300002000142526001900162650001200181700002800193 aP-103 aSyn 7 aTo Study the Design and Performance of Waffle Slab aRisalpurbMilitary College of Engineering Risalpurc20-10-2008 a64 p. :bill. ; a0b0c0dP_103 aProject aKhaliq ur Rashid Kayani